[Event "SapporoSummer2019"]
[Site "?"]
[Date "2019.07.27"]
[Round "1.1"]
[White "Kobayashi, Katsuhiko"]
[Black "Sugimoto, Koichi"]
[Result "0-1"]
[WhiteElo "1539"]
[BlackElo "1963"]
[Annotator "Fritz 15 (30s)"]
[PlyCount "112"]
[SourceVersionDate "2019.07.27"]

{[%mdl 8192] C84: Closed Ruy Lopez: Unusual White 6th moves} 1. e4 e5 2. Nf3
Nc6 3. Bb5 a6 4. Ba4 Nf6 5. d3 d6 6. O-O Be7 7. c3 O-O 8. Bg5 $146 (8. Qe2 Nd7
9. Bxc6 bxc6 10. Nbd2 Nb6 11. d4 exd4 12. Nxd4 Bd7 13. Qf3 g6 14. b4 a5 15.
N2b3 axb4 16. Bh6 c5 17. Bxf8 Bxf8 18. Ne2 Bg7 19. Rfc1 Na4 20. Rc2 Nxc3 21.
Nxc3 Bxc3 22. Rd1 Qc8 {Balinas,R (2365)-Torre,E (2535) Manila 1982 0-1 (35)}) (
8. h3 Re8 (8... b5 9. Bc2 d5 10. Nbd2 Re8 11. Re1 Bf8 12. a3 Bb7 13. b4 a5 14.
Bb2 axb4 15. cxb4 d4 16. Bb3 Nd7 17. Nf1 Nb6 18. Ng3 Na4 19. Bc1 h6 20. Nh2 Bc8
21. Bd2 Be6 22. Bxe6 Rxe6 23. Qb3 {Georgakopoulos,N (2283)-Maiorov,N (2535)
Paleochora 2011 0-1 (45)}) (8... Nd7 9. d4 Bf6 10. Be3 b5 11. Bc2 Ne7 12. Nbd2
Ng6 13. g3 Nb6 14. Kg2 Rb8 15. Qe2 Re8 16. h4 Bg4 17. Qd3 Qc8 18. Rh1 h5 19.
Ng5 Nc4 20. Nxc4 bxc4 21. Qxc4 Bxg5 22. hxg5 Rxb2 23. Bd3 {Kladiva,I (2265)
-Kovacs,G (2310) Hungary 1992 1/2-1/2 (42)}) (8... Bd7 9. Re1 Kh8 10. Nbd2 Ng8
11. d4 f6 12. Nf1 Qe8 13. Bc2 g5 14. N3h2 Qg6 15. Ng3 Nh6 16. a3 Nd8 17. Ng4
Ndf7 18. Be3 Rae8 19. f3 Ng8 20. Bf2 h5 21. Ne3 Ngh6 22. b4 g4 23. fxg4 {
Heinatz,T (2355)-Straeter,T (2365) Germany 1994 1-0 (43)}) 9. Re1 h6 10. Nbd2
Bf8 11. Nf1 Bd7 12. Bc2 Ne7 13. Nh4 g6 14. Qf3 Nc6 15. Ne3 Bg7 16. Bd2 Be6 17.
Bb3 Bxb3 18. axb3 a5 19. Ng4 Nxg4 20. Qxg4 Qc8 21. Qg3 Qe6 22. Ra3 Ra6 {
Movsesian,S (2721)-Carlsen,M (2802) Moscow 2010 1-0 (56)}) 8... h6 9. Bxf6 Bxf6
{Black has the pair of bishops} 10. Nbd2 b5 11. Bc2 Bb7 12. Re1 g6 13. Nb3 a5
14. d4 (14. a4 b4 $11) 14... a4 $15 {Black threatens to win material: a4xb3}
15. Nc1 Na5 16. Qd2 Bg7 17. Bd3 {White threatens to win material: Bd3xb5} (17.
dxe5 Nc4 18. Qe2 a3 $15) 17... Qd7 (17... Nc4 18. Bxc4 bxc4 19. dxe5 dxe5 20.
Qe2 $15) 18. d5 {White gets more space} c5 19. b4 axb3 20. Nxb3 (20. axb3 Nc4
21. bxc4 Rxa1 22. cxb5 Rfa8 $17) 20... Nc4 $17 21. Bxc4 (21. Qc1 Na3 22. Nbd2
c4 $17) 21... bxc4 22. Nc1 Rfb8 (22... f5 $5 23. h3 fxe4 $17) 23. Ne2 $15 Bc8
24. Ng3 Qa4 25. Qc1 Rb6 26. Re2 Rab8 27. Nd2 h5 28. Ngf1 Rb2 {Black threatens
to win material: Rb2xa2} 29. Ne3 {White threatens to win material: Ne3xc4} Ba6
(29... Bh6 30. Rb1 Rxb1 31. Nxb1 $17) 30. a3 (30. Qd1 $142 $5 {is an
interesting alternative} Qxd1+ 31. Nxd1 $15) 30... Bh6 $17 31. Rb1 (31. Qe1
$142 $17) 31... Qxa3 $4 {makes life more difficult.} (31... Rxb1 32. Nxb1 Qb3
33. Nd2 $19) 32. Rxb2 (32. Ndf1 $142 {secures victory} Rxb1 33. Qxa3 $18) 32...
Qxb2 $19 33. Qxb2 $2 (33. Re1 $142 Qa2 34. Ndf1 $19) 33... Rxb2 34. Kf1 Bxe3
35. fxe3 Bb5 (35... Rb3 $142 $5 {keeps an even firmer grip} 36. Nf3 Rxc3 37.
Ra2 $19) 36. Nf3 Rb3 37. Rc2 Rb1+ (37... Ra3 38. Rb2 Be8 39. Rb6 $19) 38. Kf2
Kf8 39. Ra2 (39. Nd2 Ra1 $17) 39... Rb3 40. Ra5 $2 (40. Rc2 $5 Ra3 $17) 40...
Ke7 (40... Bd7 41. Ra7 Be8 42. Ra8 Rxc3 43. Ke2 $19) 41. Ra7+ Bd7 42. Ng5 $2 (
42. Ke2 $142 $19) 42... Rxc3 43. Nxf7 (43. h4 {doesn't do any good} f5 44. Ra2
Rc1 $19) 43... Rc2+ 44. Kf3 (44. Ke1 {does not help much} h4 45. Kd1 Rxg2 $19)
44... Rc1 (44... c3 45. Nh8 Rb2 $19) 45. Ke2 Rc2+ 46. Kd1 $4 {White loses the
upper hand} (46. Kf3 c3 47. Nh8 $19) 46... Rxg2 $19 47. Nxe5 (47. h4 $19 {
what else?}) 47... dxe5 48. Ra6 (48. h3 {doesn't get the cat off the tree} Rh2
$19) 48... c3 (48... Rxh2 49. d6+ Ke6 50. Ra8 h4 51. Kc1 h3 52. Kb1 Rg2 53. Rh8
h2 54. Rh7 c3 55. Re7+ Kxd6 56. Rh7 Bb5 57. Rxh2 Rxh2 58. Ka1 Rh1+ 59. Ka2 Ba4
60. Ka3 Ra1#) 49. d6+ (49. h4 {does not improve anything} Rg3 $19) 49... Ke6
50. Ra3 c2+ 51. Kc1 Rxh2 52. Rd3 (52. Ra8 {doesn't get the bull off the ice}
Bc6 53. Rf8 Bb5 54. Rc8 Bd3 55. Rxc5 Rh1+ 56. Kb2 Rb1+ 57. Ka2 c1=Q 58. Rxc1
Rxc1 59. d7 Kxd7 60. Kb2 Rc2+ 61. Ka3 Kc6 62. Ka4 Bc4 63. Kb4 Kd6 64. Ka3 Kc5
65. Ka4 Ra2#) 52... h4 53. Rd2 (53. Ra3 {doesn't change anything anymore} h3
54. Ra8 Rf2 55. Kb2 h2 56. Rh8 Ba4 57. d7 Rf1 58. d8=N+ Kd7 59. Rh7+ Kc8 60.
Rc7+ Kxc7 61. Ne6+ Kc8 62. Ka2 c1=Q 63. Ng7 Qa1#) 53... Rxd2 54. Kxd2 Ba4 55.
d7 Kxd7 56. Kc1 h3 (56... h3 57. Kb2 h2 58. Ka3 c1=Q+ 59. Kxa4 Qb2 60. Ka5 h1=Q
61. Ka6 Qha1#) 0-1

[Event "SapproSummer2019"]
[Site "?"]
[Date "2019.07.27"]
[Round "1.2"]
[White "Yoshii, Yukihiko"]
[Black "Sato, Yasuji"]
[Result "0-1"]
[WhiteElo "1869"]
[BlackElo "1452"]
[Annotator "Fritz 15 (30s)"]
[PlyCount "52"]
[SourceVersionDate "2019.07.27"]

{[%mdl 8256] A50: Queen's Fianchetto Defence (1 d4 Nf6 2 c4 b6)} 1. c4 Nf6 2.
d4 e6 3. Nc3 b6 4. Bg5 (4. a3 d5 5. Bg5 Bb7 6. Nf3 a6 7. e3 Nbd7 8. Rc1 Be7 9.
cxd5 exd5 10. Bd3 O-O 11. O-O c5 12. Bb1 Re8 13. Ne5 Nf8 14. dxc5 bxc5 15. Ba2
Rc8 16. f4 c4 17. Kh1 Ne6 18. Qf3 Ba8 {Gregor,J (2296)-Vokoun,J (2201) Prague
2012 1-0 (85)}) 4... Bb7 5. e4 $146 (5. Rb1 Be7 6. e3 h6 7. Bh4 d6 8. f3 c5 9.
dxc5 bxc5 10. Bd3 O-O 11. Nge2 d5 12. cxd5 exd5 13. O-O Nbd7 14. Na4 Re8 15.
Kh1 Bf8 16. Bb5 Qa5 17. Nac3 Rxe3 18. Nxd5 Nxd5 19. Bxd7 Qxa2 {Drasko,M (2465)
-Sokolov,I (2545) Yugoslavia 1988 0-1}) (5. Qc2 d5 6. cxd5 exd5 7. e3 c5 8. Nf3
Be7 9. Be2 Nbd7 10. O-O O-O 11. dxc5 Ne4 12. Bxe7 Qxe7 13. cxb6 Nxb6 14. Rac1
g5 15. Nd4 Rac8 16. Qb3 Nd2 17. Qc2 Nxf1 18. Nf5 Qf6 19. Bxf1 Rfd8 {Savitskaya,
E (2170)-Petrov,J (2355) Moscow 1996 1-0 (34)}) 5... h6 6. Bxf6 gxf6 {Black
has the pair of bishops} 7. Qg4 {Black is behind in developement} Nc6 8. Nf3 h5
{Black threatens to win material: h5xg4} 9. Qf4 {White has an active position}
(9. Qh3 Bb4 $11) 9... Bd6 (9... Bh6 10. Qh4 $15) 10. e5 (10. Qe3 $142 $5 $11 {
should not be overlooked}) 10... fxe5 $15 11. dxe5 (11. Nxe5 $142 Qe7 12. Nxc6
Bxf4 13. Nxe7 Kxe7 14. h4 $17) 11... Be7 (11... Nxe5 $142 $5 12. Nxe5 f6 $17)
12. a3 {Black has a cramped position} (12. O-O-O Bf8 13. Ne4 Bh6 $14) 12... Rg8
13. Ne4 $4 {a transit from better to worse} (13. h4 $142 $11 {and White can
hope to live}) 13... Rg4 $17 14. Nf6+ Bxf6 15. Qxf6 {[%tqu "En","","","",
"c6e5","",10]} Nxe5 $1 {Remove defender: e5} 16. Qxd8+ (16. Nxe5 Qxf6 {Remove
defender}) (16. Qxe5 Re4+ {Decoy Double attack}) 16... Rxd8 17. Nxe5 Re4+ 18.
Kd2 Rxe5 19. f3 (19. Rc1 $5 $17) 19... d5 $19 20. cxd5 Rdxd5+ 21. Kc2 Rc5+ 22.
Kb3 $4 {shortens the misery for White} (22. Kd2 $19) 22... Bd5+ 23. Ka4 (23.
Bc4 {a fruitless try to alter the course of the game} Rxc4 24. Rad1 Re2 $19)
23... Bc6+ (23... Ra5+ 24. Kb4 Re3 25. Bb5+ Ke7 26. Bd3 Rxd3 27. Rac1 Rb3#) 24.
Kb3 $19 Re3+ 25. Ka2 Bd5+ 26. Kb1 (26. Bc4 {otherwise it's curtains at once}
Rxc4 27. Rad1 Rc2+ 28. Ka1 Rxg2 29. h4 $19) 26... Re1# 0-1

[Event "SapproSummer2019"]
[Site "?"]
[Date "2019.07.27"]
[Round "1.3"]
[White "Takeuchi, Hiroshi"]
[Black "Drakakis, Athanasios"]
[Result "0-1"]
[WhiteElo "1330"]
[BlackElo "1864"]
[Annotator "Fritz 15 (30s)"]
[PlyCount "96"]
[SourceVersionDate "2019.07.27"]

{[%mdl 8192] D00: 1 d4 d5: Unusual lines} 1. d4 d5 2. Nf3 Nf6 3. Bf4 c6 4. Nc3
Bf5 5. e3 e6 6. Bd3 Bg6 7. Ne5 $146 (7. O-O Bd6 8. Bg3 Bxg3 9. hxg3 Nbd7 10.
Re1 Ne4 11. Nh4 f5 12. Nxg6 hxg6 13. Ne2 Rh1+ 14. Kxh1 Nxf2+ 15. Kg1 Nxd1 16.
Raxd1 Nf6 17. Nf4 Kf7 18. Kf2 g5 19. Nh3 Kg6 20. Ke2 Qd6 21. Rh1 Qxg3 {Liebold,
T (2160)-Neidhardt,C (2420) Germany 2000 0-1 (38)}) 7... Nbd7 8. Nxg6 hxg6 {
White has the pair of bishops} 9. Bg5 (9. h3 Bb4 $11) 9... Be7 (9... Qb6 10.
Rb1 $11) 10. Qe2 Qa5 11. O-O e5 12. dxe5 Nxe5 13. f4 Nxd3 14. Qxd3 O-O-O 15. h3
{Covers g4} (15. a3 Rde8 16. b4 Qb6 $15) 15... Rh5 (15... d4 $5 16. exd4 Rxd4
$17) 16. Rf3 Rdh8 17. Kf2 (17. a3 Re8 $11) 17... Bb4 (17... Qb4 18. Bxf6 Bxf6
19. Rb1 $15) 18. Bxf6 $11 gxf6 {Black has a new doubled pawn: f7} 19. Qd4 f5
20. Ne2 R5h7 21. Qf6 {Black king safety dropped} (21. a3 Be7 $11) 21... Qc7 (
21... Re8 22. c3 Be7 23. Qd4 $15) 22. Qd4 {White threatens to win material:
Qd4xb4. White forks: a7+b4} Qa5 23. Qf6 {Twofold repetition} Bf8 24. c3 {
Consolidates b4} Qc7 25. Qd4 {White threatens to win material: Qd4xa7} Kb8 26.
Qd2 Bg7 27. Rc1 Rd8 28. Rc2 Rhh8 29. Qd1 Rhe8 30. Rd2 Kc8 31. Rg3 Bf6 32. Rf3
Qb6 33. Rd3 $2 (33. b4 $142 $5 $15 {and White has air to breath}) 33... Qxb2
$19 34. Rd2 Qb6 35. Qc1 Re4 36. Rb2 Qc5 37. Qb1 (37. Qd2 Rde8 38. Nd4 Bd8 $19)
37... b6 (37... Rde8 38. Rxb7 Rxe3 39. Rb8+ Kc7 40. Rxe8 Rxe8+ 41. Kf1 $19) 38.
Nd4 Rde8 39. Rc2 Kc7 40. Qb4 $2 (40. Qd1 $142 $19) 40... Bxd4 41. exd4 Qxb4 42.
cxb4 Rxd4 43. b5 (43. a3 {doesn't change the outcome of the game} Rd1 $19)
43... c5 44. Kg1 (44. Ra3 {is the last straw} Kb7 45. g3 $19) 44... Rd1+ 45.
Kh2 d4 46. Rff2 (46. Ra3 {cannot undo what has already been done} Kb8 47. Rc4
Re2 $19) 46... Kd6 47. Kg3 (47. Rc4 {is not the saving move} d3 48. Ra4 Re7 $19
) 47... Kd5 48. Kh4 (48. Rb2 {cannot change destiny} d3 49. Rb3 c4 $19) 48...
f6 (48... f6 49. Rfe2 Rxe2 50. Rxe2 c4 $19) 0-1

[Event "SapproSummer2019"]
[Site "?"]
[Date "2019.07.27"]
[Round "1.4"]
[White "Watanabe, Katsumi"]
[Black "Ito, Katsuhide"]
[Result "1-0"]
[WhiteElo "1733"]
[BlackElo "1312"]
[Annotator "Fritz 15 (30s)"]
[PlyCount "61"]
[SourceVersionDate "2019.07.27"]

{[%mdl 8256] B20: Sicilian: Unusual White 2nd moves} 1. c4 c5 2. Nc3 Nc6 3. Nf3
g6 4. e4 (4. a3 Bg7 5. g3 e6 (5... d6 6. Rb1 e6 7. b4 Nge7 8. Bg2 b6 9. Bb2 O-O
10. Ba1 Bb7 11. bxc5 dxc5 12. Ne4 Bxa1 13. Rxa1 f5 14. Nc3 Qd7 15. O-O Rad8 16.
Ra2 h6 17. h4 Nd4 18. Ne5 Qc7 19. f4 Bxg2 20. Kxg2 {Linares Napoles,O (2310)
-Gomez Garrido,C (2499) Havana 2014 0-1 (31)}) 6. Rb1 a5 7. Bg2 Nge7 8. O-O O-O
9. d3 d5 10. Bd2 b6 11. Qc1 Bb7 12. Bh6 Rc8 13. Bxg7 Kxg7 14. Qf4 f6 15. cxd5
Nxd5 16. Qc4 Ba8 17. Rfd1 Qd6 18. e4 Nc7 {Wedberg,T (2529)-Gashimov,V (2442)
Leon 2001 1/2-1/2 (36)}) 4... Bg7 5. Be2 $146 (5. g3 Nf6 6. Bg2 O-O 7. O-O Ne8
8. d3 Nc7 9. Be3 Ne6 10. Qd2 Re8 11. Nh4 Ned4 12. f4 e6 13. Nf3 d6 14. Bf2 f5
15. Rae1 Bd7 16. Nxd4 cxd4 17. Nb5 Qb8 18. exf5 gxf5 19. Bxc6 bxc6 {Ozhegov,V 
(2202)-Kazancev,V (2323) Togliatti 2007 1/2-1/2 (55)}) (5. d3 d6 6. Be2 h6 7.
h3 e5 8. g4 Nge7 9. Rg1 Rb8 10. Bd2 a6 11. h4 Nd4 12. g5 h5 13. Nxd4 cxd4 14.
Nd5 Nxd5 15. cxd5 Bd7 16. Qb3 O-O 17. Qa3 Re8 18. O-O-O Qb6 19. Kb1 Bf8 {
Teodorescu,I (2265)-Seder,N (2189) Olanesti 2013 1/2-1/2 (45)}) 5... d6 {
Prevents intrusion on e5} 6. O-O Nf6 7. d3 O-O 8. Bg5 a6 {Controls b5} 9. Qd2
Rb8 10. Rad1 b5 11. b3 Bg4 12. h3 Bxf3 13. Bxf3 {White has the pair of bishops}
Nd4 {The black knight is well posted.} 14. Bg4 Nxg4 15. hxg4 b4 {Black
threatens to win material: b4xc3} 16. Nd5 {White threatens to win material:
Nd5xe7} Ne6 $4 {a weak move, ruining a winning position} (16... Nc6 17. Bh4 $11
) 17. Bh6 (17. Nxe7+ $142 {and White wins} Kh8 18. Nxg6+ fxg6 19. Bxd8 Nxd8 20.
Qg5 $18) 17... Bc3 (17... Nd4 $142 $5 $11 {would keep Black in the game}) 18.
Nxc3 $16 bxc3 19. Qxc3 Nd4 20. Rde1 Re8 21. f4 e5 22. g5 (22. Qc1 a5 $16) 22...
Ne6 (22... a5 $5 $14 {is worth looking at}) 23. fxe5 $16 Nd4 24. exd6 Qxd6 25.
Rf6 Qe5 26. Qd2 Qc7 (26... Ne6 27. Qe3 $16) 27. Ref1 $18 Re7 28. Qf2 (28. Rxa6
Qg3 $18) 28... Rd8 (28... Ne6 $142 $5 $16) 29. Rxa6 $18 Ne6 $4 {leading to a
quick end} (29... Re6 30. Rxe6 Nxe6 $18) 30. Qf6 Rxd3 (30... Ree8 {there is
nothing better in the position} {[%tqu "En","","","","b3b4","",10]} 31. b4 $1 {
final destruction} Qb7 $18) {[%tqu "En","","","","a6e6","",10]} 31. Rxe6 $1 {
Mate attack} (31. Rxe6 Qh2+ 32. Kxh2 Rh3+ 33. gxh3 fxe6 34. Qf8#) 1-0

[Event "SapproSummer2019"]
[Site "?"]
[Date "2019.07.27"]
[Round "2.1"]
[White "Sugimoto, Koichi"]
[Black "Watanabe, Katsumi"]
[Result "1-0"]
[WhiteElo "1963"]
[BlackElo "1733"]
[Annotator "Fritz 15 (30s)"]
[PlyCount "133"]
[SourceVersionDate "2019.07.27"]

{[%mdl 8192] C41: Philidor Defence} 1. e4 e5 2. Nf3 d6 3. d4 Nd7 4. dxe5 Nxe5
5. Nxe5 dxe5 6. Qxd8+ Kxd8 7. Bc4 Ke8 (7... f6 8. Nc3 Bc5 9. f4 c6 10. Rf1 Bd6
11. f5 b5 12. Bb3 Bc5 13. Rf3 Ne7 14. Be3 Bxe3 15. Rxe3 Kc7 16. O-O-O Bb7 17.
Be6 Rad8 18. Rxd8 Rxd8 19. Rg3 g6 20. Rh3 h5 21. b4 Rh8 22. fxg6 {Skaric,D 
(2271)-Grbic,M (2296) Belgrade 2013 1/2-1/2 (54)}) 8. Be3 (8. Nc3 c6 9. Be3 Bb4
10. O-O-O Bxc3 11. bxc3 Nf6 12. f3 Be6 13. Bb3 Bxb3 14. axb3 Nd7 15. Rd6 Ke7
16. Rhd1 Rhd8 17. Kb2 c5 18. R6d5 b6 19. Ra1 f6 20. b4 Rdc8 21. b5 Rc7 22. f4
Re8 {Loginov,V (2525)-Mestrovic,Z (2465) Ljubljana 1995 1-0 (53)}) 8... Bd7
$146 (8... Nf6 9. f3 Bd6 (9... Bb4+ 10. Ke2 Ke7 11. a3 Bd6 12. Nc3 Be6 13. Bxe6
Kxe6 14. Rad1 Rhd8 15. Rd3 Be7 16. Rhd1 Rxd3 17. Rxd3 a6 18. Bg5 Rd8 19. Bxf6
Rxd3 20. Kxd3 Bxf6 21. Nd5 Bd8 22. a4 g6 23. Ne3 c6 24. b4 {Schlindwein,R 
(2440)-Werner,C (2340) Germany 1995 1/2-1/2 (54)}) 10. Nd2 (10. Nc3 a6 11. Rd1
Ke7 12. Bg5 Be6 13. Nd5+ Bxd5 14. Bxd5 Rab8 15. Bb3 h6 16. Be3 Nd7 17. c3 Nc5
18. Bc2 a5 19. Bxc5 Bxc5 20. Rd5 Bd6 21. Rxa5 Ra8 22. Rxa8 Rxa8 23. Bb3 Bc5 24.
Ke2 Rd8 {Vasilchenko,O (2415)-Kustar,S (2360) Budapest 1994 1-0 (80)}) 10...
Ke7 11. Bb3 Be6 12. Nc4 Rhd8 13. O-O-O Nd7 14. Nxd6 cxd6 15. Bd5 Bxd5 16. Rxd5
Nf6 17. Bg5 h6 18. Bxf6+ Kxf6 19. Rhd1 Ke7 {1/2-1/2 (19) Vukovic,Z (2454)
-Abramovic,B (2502) Jahorina 2001}) 9. Nd2 Ne7 10. O-O Nc6 11. c3 {Controls b4}
Bd6 12. Rad1 Ke7 13. Bb3 (13. Bd3 a5 $14) 13... a6 {Black has an active
position} (13... Na5 14. Bd5 $11) 14. Nc4 $14 h6 {Consolidates g5} 15. Nxd6
cxd6 16. f3 (16. Rd2 Be6 $16) 16... Be6 $14 17. Bd5 Rhc8 18. Rd3 Bxd5 19. Rxd5
Ke6 (19... Rd8 20. Rfd1 $14) 20. Rfd1 Rd8 21. Bb6 (21. f4 b5 $14) 21... Rd7 $11
22. a3 {Covers b4} Rc8 23. Bc5 {[%cal Rc5d6,Rd5d6,Gd7d6,Ge6d6] Exerts pressure
on the backward pawn} Rcd8 24. Bb6 {White threatens to win material: Bb6xd8}
Rc8 {Twofold repetition} 25. Be3 Ne7 26. R5d3 Rc6 27. f4 exf4 28. Bxf4 g5 {
Black threatens to win material: g5xf4} 29. Bg3 Ng6 30. Rd5 {Menacing} f6 {
Secures e5} 31. Kf2 Ne5 32. Bxe5 fxe5 {A double rook endgame occured.} 33. Ke3
Rb6 34. b4 Rc6 {Black threatens to win material: Rc6xc3} 35. R5d3 b5 {White
has a new backward pawn: c3} 36. Kd2 Rf7 37. Ke3 (37. Rh3 Rf6 $11) 37... g4 $15
38. Ra1 (38. Ke2 Rf4 39. Re3 Rc8 $15) 38... h5 (38... Rf4 39. Rad1 Ke7 40. a4
$19) 39. a4 (39. Rad1 Rf8 $15) 39... Rfc7 (39... bxa4 $5 40. Rxa4 Rf1 $17) 40.
Kd2 $15 Rf7 41. Ke2 (41. Ke3 bxa4 42. Rxa4 Rf1 $17) 41... Rfc7 (41... Rc4 42.
Re3 $17) 42. axb5 (42. Kd2 Rc4 $15) 42... axb5 $15 43. Ra5 $2 (43. Ra3 $142 $15
{and White hangs on}) 43... Rxc3 $19 44. Rxb5 R3c4 (44... Rc2+ $142 45. Rd2
R7c4 $19) 45. Ke3 $17 Rc2 46. Rb6 Rd7 47. Rd2 Rc3+ (47... Rxd2 $142 $5 48. Kxd2
Rf7 $17) 48. Ke2 $11 Rc4 {Black threatens to win material: Rc4xe4} 49. Kd3 {
White threatens to win material: Kd3xc4} (49. Ke3 h4 $11) 49... Rdc7 (49...
Rd4+ 50. Ke3 Rxd2 51. Kxd2 $17) 50. b5 $2 (50. Ke3 $142 $5 {and White can hope
to survive} R7c6 51. Rxc6 Rxc6 52. Kd3 $11) 50... Rd4+ $17 51. Ke3 Rc3+ 52. Ke2
Rxe4+ 53. Kd1 Rd4 54. Rxd4 exd4 55. Rb8 (55. Rb7 h4 $17) 55... Kd5 56. Rh8 $2 (
56. b6 Rc6 57. Kd2 h4 $17) 56... Rb3 (56... Kc4 {makes it even easier for Black
} 57. Kd2 Rd3+ 58. Ke2 $19) 57. Rxh5+ $2 (57. Kc2 $142 Ra3 58. b6 Rc3+ 59. Kd2
$17) 57... Kc4 $19 58. Rg5 $4 {simply worsens the situation} (58. Rh6 Rxb5 59.
Rxd6 $19) 58... Kd3 (58... Kc3 $142 {ends the debate} 59. Ke2 Rb2+ 60. Kf1 d3
$19) 59. Kc1 Kc3 60. Rd5 Ra3 61. Kb1 Rb3+ (61... Ra5 62. h4 d3 63. Rxd6 Rxb5+
64. Kc1 $19) 62. Ka2 $4 {White is ruining his position} (62. Kc1 Rb4 63. Rxd6
Rxb5 64. Rc6+ Kd3 65. Rg6 $19) 62... Rb2+ $17 63. Ka1 $4 {the position was bad,
and this mistake simply hastens the end} (63. Ka3 $142 Rxg2 64. Rxd6 Rxh2 65.
Rc6+ Kd3 66. Rg6 $17) 63... Rxg2 $19 64. b6 Kb3 (64... Rxh2 $142 {and Black
wins} 65. b7 Rh8 66. Rxd6 Rb8 67. Rc6+ Kd3 $19) 65. Rb5+ $18 Kc4 (65... Ka3 {
doesn't improve anything} 66. b7 Rg1+ 67. Rb1 $18) 66. b7 (66. Rb2 Rxb2 67.
Kxb2 Kc5 68. b7 Kc6 69. b8=Q Kd7 70. Qa7+ Kc6 71. Qxd4 Kd7 72. Qxg4+ Kc7 73.
Kc3 Kc6 74. Kd4 d5 75. Qg6+ Kb5 76. Kxd5 Kb4 77. Qd3 Ka5 78. Kc5 Ka4 79. Qf3
Ka5 80. Qa3#) 66... Rg1+ (66... Kxb5 {praying for a miracle} 67. b8=Q+ Kc4 68.
Qxd6 Rg1+ 69. Kb2 Rg2+ 70. Ka3 Kd3 $18) 67. Rb1 1-0

[Event "SapproSummer2019"]
[Site "?"]
[Date "2019.07.27"]
[Round "2.2"]
[White "Drakakis, Athanasios"]
[Black "Sato, Yasuji"]
[Result "1-0"]
[WhiteElo "1864"]
[BlackElo "1452"]
[Annotator "Fritz 15 (30s)"]
[PlyCount "59"]
[SourceVersionDate "2019.07.27"]

{[%mdl 8192] D02: 1 d4 d5 2 Nf3 sidelines, including 2...Nf6 3 g3 and 2...Nf6
3 Bf4} 1. d4 d5 2. Nf3 Nf6 3. c3 g6 4. Bf4 Bg7 5. Nbd2 O-O 6. e3 Nh5 (6... Nbd7
7. h3 c5 8. Be2 b6 9. O-O Bb7 10. Ne5 Ne8 11. Nxd7 Qxd7 12. a4 f6 13. a5 e5 14.
Bh2 Nc7 15. axb6 axb6 16. Qb3 b5 17. dxc5 Kh8 18. Qc2 Ne6 19. b4 f5 20. Rxa8
Bxa8 21. Nf3 {Deviatkin,A (2520)-Iljiushenok,I (2433) Moscow 2014 1-0 (35)}) (
6... b6 7. h3 Bb7 8. Be2 c5 9. O-O Nc6 10. Ne5 Nd7 11. Nxc6 Bxc6 12. Nf3 Re8
13. a4 e5 14. dxe5 Nxe5 15. Bxe5 Bxe5 16. Nxe5 Rxe5 17. Bf3 Qe7 18. Qb3 Rb8 19.
Rfd1 b5 20. axb5 Rxb5 21. Qa2 {Limp,E (2366)-Khaje Hesamedini,A (2177)
Botafogo 2015 1-0 (51)}) 7. Bg3 $146 (7. Bg5 h6 8. Bh4 g5 9. Bg3 Nxg3 10. hxg3
Qd6 11. Bd3 Nc6 12. Qe2 e5 13. dxe5 Nxe5 14. Nxe5 Qxe5 15. Nf3 Qf6 16. O-O-O
Re8 17. Bc2 c6 18. Nd4 c5 19. Qb5 Bg4 20. Nf3 Bxf3 21. gxf3 Qxf3 {Ljubinkovic,
M (2261)-Janjos,S (2232) Serbia 2008 1-0 (52)}) 7... f5 (7... Nxg3 8. hxg3 a5
9. a4 $11) 8. Be5 Nf6 9. h3 {Consolidates g4} Nc6 10. Bh2 Ne4 11. Be2 e6 12.
O-O Qe7 13. Bb5 Nd8 14. Ne5 {An ideal square for the white knight.} a6 {
Black threatens to win material: a6xb5} 15. Bd3 c5 16. f3 {White threatens to
win material: f3xe4} Nf6 17. Qe2 Nh5 18. g4 fxg4 (18... Nf6 $5 $11) 19. hxg4 (
19. fxg4 $142 Rxf1+ 20. Rxf1 $16) 19... Qg5 $4 (19... Nf6 $142 $14 {is the
best chance}) 20. f4 $18 Nxf4 (20... Qh4 {is no salvation} 21. Ndf3 Qh3 22. Ng5
$18) 21. Bxf4 Qh4 (21... Qe7 22. Qh2 b5 23. Nxg6 hxg6 24. Bxg6 $18) 22. Ndf3
Qe7 23. Qh2 cxd4 (23... Rxf4 {hardly improves anything} 24. Qxf4 Bd7 25. dxc5
$18) 24. exd4 (24. Nxg6 $142 {makes it even easier for White} hxg6 25. Bd6 $18)
24... Qf6 (24... Rxf4 {desperation} 25. Qxf4 Bd7 $18) 25. Bg5 Qxf3 26. Rxf3
Rxf3 27. Nxf3 e5 28. Bxd8 e4 29. Ne5 (29. Qd6 b5 30. Ng5 h6 31. Qxd5+ Kh8 32.
Qxe4 hxg5 33. Qxg6 Kg8 34. Rf1 Bf5 35. Qxf5 Bf6 36. Qg6+ Kf8 37. Rxf6#) 29...
exd3 30. Qf4 (30. Qf4 Be6 31. Qg5 Bxe5 32. dxe5 d2 33. Qe7 Rxd8 34. Qxe6+ Kg7
35. Qe7+ Kg8 36. Qxd8+ Kg7 37. Rf1 Kh6 38. Qf6 a5 39. Qf4+ g5 40. Qf6#) 1-0